000 01295nam0a22003251 4500
001 v19\rc\1948198
005 20251118180908.8
035 _a(NLR Aleph) 005033412
090 _a6715503
_c6715503
100 _a20251123 rusy50
101 0 _arus
102 _aRU
105 _ay z |||||
200 1 _aСчетные ревизоры (Bücherrevisoren) в Германии
_f[С.Ф. Иванов]
210 _a[Санкт-Петербург]
_cТипо-лит. А.Э. Винеке
_d[1913]
215 _a12 с.
_d27
300 _aАвт. указан в конце текста
309 _aБез тит. л. и обл.
311 _aОтт. из журн. "Коммерч. образование", № 6 и 7
488 0 _12001#$aКоммерческое образование$v№ 6, 7
_tКоммерческое образование
532 1 3 _aСчетные ревизоры Bücherrevisoren в Германии
700 1 _7ca
_8rus
_aИванов
_bС. Ф.
_cбухгалтер
_gСергей Флегонтович
_9253132
_3RU\NLR\AUTH\770253188
801 0 _aRU
_bNLR
_gpsbo
801 0 _aRU
_bRuMoRGB
_2psbo
801 1 _aRU
_bProSoft-M
_2rusmarc
852 _aNLR
_j20.31.9.139
899 _aRuMoRGB
_jV 16/1503
942 _cBOOK
980 _aNB